Control si-no del nivel en un sistema hidráulico en cascada.

में बचाया:
ग्रंथसूची विवरण
मुख्य लेखक: Sequeira Chaves, Raúl E.
स्वरूप: पुस्तक
प्रकाशित: San José, Costa Rica 1988
विषय:
टैग: टैग जोड़ें
कोई टैग नहीं, इस रिकॉर्ड को टैग करने वाले पहले व्यक्ति बनें!

MARC

LEADER 00000nam a2200000Ia 4500
003 004656
005 20221231144343.0
008 140114s1988 cr a m 000 ||s d
040 |c cru CEDI 
090 |a TFG 2156 
100 |a Sequeira Chaves, Raúl E.  |9 13537 
245 |a Control si-no del nivel en un sistema hidráulico en cascada. 
260 |c 1988  |a San José, Costa Rica 
300 |a 33 hojas : ilustraciones ; 28 cm  
500 |a Proyecto de graduación (bachillerato en ingeniería eléctrica)--Universidad de Costa Rica. Facultad de Ingeniería. Escuela de Ingeniería Eléctrica 
650 |x INGENIERIA ELECTRICA   |x VALVULAS - DISEÑO Y CONSTRUCCION  |9 13538 
942 |c TFG  |2 ddc 
999 |c 20608  |d 20608